Geometría Descriptiva

Bibliographic Details
Main Author: Di Pietro, Donato
Format: Section = Libro
Language:Undetermined
Spanish
Published: Argentina Editorial Alsina 1967
Edition:5a.ed.
Subjects:
LEADER 00541nam a2200217Ia 4500
008 241007s9999||||xx |||||||||||||| ||und||
040 |a BIBLIOTECA-RURC/ 516.6 D596 
041 |a spa 
082 |a 516.6 D596 
100 1 |a Di Pietro, Donato 
245 1 0 |a Geometría Descriptiva 
250 |a 5a.ed. 
260 |a Argentina  |b Editorial Alsina  |c 1967 
300 |a 399 p. :il. 
650 7 |a PLANOS DE PROYECCIÓN 
650 7 |b INTERSECCIONES 
650 7 |c  ROTACIONES 
650 7 |d  SUPERFICIES. 
942 |c BK  |2 ddc 
991 |a TEXTO 
999 |c 14378